000 01174cam a22003617a 4500
003 CHAP
005 20220329140405.0
008 971013s1967 r 00010 d
010 _a51326
011 _a52298
035 _a56448
040 _cCHAP
082 _a330
_bS35my 1959
100 0 0 _aSamuelson, Paul Anthony.
_9101944
245 1 0 _aManual del profesor y clave de respuestas a la guía de estudio y libro de ejercicios
250 _a2 ed.
260 _aMadrid :
_bAguilar,
_c1967
300 _a246 p.
490 0 _aBiblioteca de Ciencias Sociales
590 _aBATCH-UPD
_b10
_c20130109
_lUCH01
_h2342
590 _aBATCH-UPD
_b10
_c20130110
_lUCH01
_h0414
590 _aBATCH-UPD
_b10
_c20130110
_lUCH01
_h2315
590 _aBATCH-UPD
_b10
_c20130410
_lUCH01
_h0048
590 _aBATCH-UPD
_b10
_c20130914
_lUCH01
_h1231
590 _aCONVERSION
_b10
_c20130109
_lUCH01
_h1328
650 1 4 _aEconomía.
_935226
700 0 _aFoster, Edward M.
_942684
700 0 _aSkidmore, Felicity.
_9106821
830 0 _aBiblioteca de Ciencias Sociales
_912278
901 _aBK
942 _cLIBRO
949 _a330 S35my 1959
_bBC
_cLIBRO
_d33724000320164
_eLIBRO
_h43262
_i56448
_si
999 _c51326
_d51326